[Event "CAN-ch U18"]
[Site "Quebec"]
[Date "2018.07.03"]
[Round "4.2"]
[White "Colvin, Andrew"]
[Black "Tran, Dennis"]
[Result "1-0"]
[WhiteElo "2077"]
[BlackElo "1483"]
[PlyCount "65"]
[EventDate "2018.07.02"]
[EventType "swiss"]
[EventRounds "7"]
[EventCountry "CAN"]
[SourceTitle "EXT 2022"]
[Source "ChessBase"]
[SourceDate "2021.10.06"]
[SourceVersion "1"]
[SourceVersionDate "2021.10.06"]
[SourceQuality "1"]

1. d4 Nf6 2. c4 c5 3. d5 e6 4. Nc3 exd5 5. cxd5 d6 6. Nf3 a6 7. a4 g6 8. Bf4 Qa5 9. e3 Ne4 10. Qc2 Bf5 11. Bd3 Nxc3 12. bxc3 Bxd3 13. Qxd3 Nd7 14. 0-0 f6 15. Qe4+ Ne5 16. Nxe5 f5 17. Nc4+ fxe4 18. Nxa5 0-0-0 19. Rab1 Rd7 20. Nc4 Kb8 21. Rb6 Ka7 22. Rfb1 h6 23. Nxd6 Bxd6 24. Rxd6 Rxd6 25. Bxd6 Rc8 26. c4 b6 27. Be7 Rc7 28. d6 Rd7 29. g4 Kb7 30. a5 b5 31. cxb5 axb5 32. Rxb5+ Kc6 33. Rb6+ 1-0